Football by Regions - Eastern Europe ft. Caucasus - Statistics

General Stats
  • This quiz has been taken 6 times
  • The average score is 12 of 20
Answer Stats
Picture Answer % Correct
Dinamo Moskva
100%
Dinamo Kyiv
83%
Dinamo Minsk
83%
Lokomotiv Moskva
83%
Zenit Sankt Petersburg
83%
CSKA Moskva
67%
Dinamo Tbilisi
67%
Shakhtar Donetsk
67%
Spartak Moskva
67%
BATE Borisov
50%
FC Noah
50%
FK Krasnodar
50%
FK Rostov
50%
Qarabağ Gabala
50%
Rubin Kazan
50%
Zorya Luhansk
50%
Dnipro-1
33%
Pyunik Yerevan
33%
Akhmat Grozny
17%
FK Sochi
17%
No matching quizzes found
Score Distribution
Percent of People with Each Score
Percentile by Number Answered
Your Score History
You have not taken this quiz